000
00406nam a2200145Ia 4500
008
100122s9999 xx 000 0 und d
082
_b
67904
_a
823.08
100
_a
मुजावर बशीर
245
_a
प्रवाही
260
_b
पायल पब्लिकेशन
_c
2005
300
_a
200
630
_a
प्रवाही
730
_a
प्रवाही
942
_c
BOOK
999
_c
439734
_d
439731